000 00572nam a2200205Ia 4500
005 20250506172823.0
008 008 250505s9999 xx 000 0 eng d
020 _a9788131609255
037 _aTB
040 _aILCL
_beng
_cILCL
041 _aeng
_2eng
082 _qILCL
100 _aTiwari, Shiva Kant
_9592961
245 0 _aHistoriography of Ancient Indian Law - paradigms from Imperialsim to Postmodernism
260 _aDelhi
_bRawat Publications
_c2018
300 _a213p.
365 _aINR
942 _cTB
_2Colon Classification
999 _c1312136
_d1312136